| 000 | nam a22 7a 4500 | ||
|---|---|---|---|
| 999 |
_c30210 _d30210 |
||
| 008 | 190502b xxu||||| |||| 00| 0 eng d | ||
| 020 | _a9789622389700 | ||
| 050 | _aAFR GV 1113 .N67 2016 | ||
| 100 | _aMusyoka,Stephen Kalonzo. | ||
| 245 |
_aAgainst all odds / _cStephen Kalonzo Musyoka and Caleb Atemi. |
||
| 260 |
_aChai Wan,Hong Kong : _bPeace Book Co.,Ltd., _c2016 |
||
| 300 |
_axix,231p. : _bill(col). ; _c24cm. |
||
| 504 | _ainclude bibliographic references. | ||
| 650 | _aLife change events. | ||
| 650 | _aPolitical parties. | ||
| 700 | _aAtemi,Caleb. | ||
| 942 |
_2lcc _cAFRICANA _hAFR GV 1113 .N67 2016 _01 |
||